[Event "BL2-West 2223"]
[Site "Germany"]
[Date "2022.11.27"]
[Round "4.5"]
[White "Stork, Oliver"]
[Black "Doncevic, Dario"]
[Result "1-0"]
[WhiteElo "2340"]
[BlackElo "2222"]
[PlyCount "85"]
[EventDate "2022.10.22"]
[EventType "team-tourn"]
[EventRounds "10"]
[EventCountry "GER"]
[SourceTitle "EXT 2024"]
[Source "ChessBase"]
[SourceDate "2023.10.10"]
[SourceVersion "1"]
[SourceVersionDate "2023.10.10"]
[SourceQuality "1"]
[WhiteTeam "Oberursel"]
[BlackTeam "Koblenz"]
[WhiteTeamCountry "GER"]
[BlackTeamCountry "GER"]

1. d4 Nf6 2. Bf4 g6 3. Nc3 d5 4. e3 Bg7 5. h4 h5 6. Nf3 Bg4 7. Be2 Bxf3 8. Bxf3 c6 9. Qe2 Nbd7 10. 0-0-0 Qa5 11. Kb1 e6 12. e4 dxe4 13. Nxe4 Nxe4 14. Bxe4 0-0 15. g4 Nf6 16. Bd2 Qb6 17. gxh5 Nxh5 18. Bf3 Qxd4 19. Bc1 Qe5 20. Qxe5 Bxe5 21. Bxh5 gxh5 22. Rhg1+ Kh7 23. Rg5 Bf6 24. Rxh5+ Kg6 25. Rh6+ Kf5 26. Rd3 Bg7 27. Rf3+ Ke4 28. Rf4+ Ke5 29. Rh7 Bh8 30. Rfxf7 Rxf7 31. Rxf7 Rg8 32. Rxb7 Rg1 33. c3 Bf6 34. Rxa7 Bxh4 35. f4+ Ke4 36. Kc2 c5 37. Rd7 Bf2 38. Rd6 Kf5 39. a4 c4 40. a5 Bc5 41. Rc6 Rg2+ 42. Kb1 Ba7 43. Rc7 1-0

[Event "BL2-West 2122"]
[Site "Germany"]
[Date "2022.05.14"]
[Round "5.5"]
[White "Suvorov, Luca"]
[Black "Doncevic, Dario"]
[Result "1-0"]
[WhiteElo "2301"]
[BlackElo "2215"]
[PlyCount "71"]
[EventDate "2022.03.05"]
[EventType "team-tourn"]
[EventRounds "10"]
[EventCountry "GER"]
[SourceTitle "EXT 2023"]
[Source "ChessBase"]
[SourceDate "2022.10.05"]
[SourceVersion "1"]
[SourceVersionDate "2022.10.05"]
[SourceQuality "1"]
[WhiteTeam "Koeln Porz"]
[BlackTeam "Koblenz"]
[WhiteTeamCountry "GER"]
[BlackTeamCountry "GER"]

1. d4 Nf6 2. c4 g6 3. f3 d5 4. cxd5 Nxd5 5. e4 Nb6 6. Nc3 Bg7 7. Be3 0-0 8. Qd2 e5 9. d5 c6 10. Rd1 cxd5 11. exd5 N8d7 12. h4 Nf6 13. Bg5 Re8 14. Bb5 Bd7 15. Bd3 Qc7 16. Bxf6 Bxf6 17. Nge2 Bg7 18. h5 f5 19. hxg6 hxg6 20. Qg5 Qd6 21. g4 e4 22. fxe4 fxe4 23. Bb1 Nc4 24. Nxe4 Rxe4 25. Bxe4 Ne5 26. Rd2 Rf8 27. Qh4 Rf3 28. Kd1 Bxg4 29. Bxf3 Bxf3 30. Qh7+ Kf7 31. Rf1 Qf6 32. Qh3 g5 33. Qc8 g4 34. d6 Kg6 35. d7 Qf5 36. d8Q 1-0

[Event "Rottach Egern Seniors Cup 10th"]
[Site "Rottach Egern"]
[Date "2022.04.03"]
[Round "9"]
[White "Vatter, Hans Joachim"]
[Black "Doncevic, Dario"]
[Result "1/2-1/2"]
[WhiteElo "2222"]
[BlackElo "2215"]
[PlyCount "38"]
[EventDate "2022.03.26"]
[EventType "swiss"]
[EventRounds "9"]
[EventCountry "GER"]
[SourceTitle "CBM 207 Extra"]
[Source "ChessBase"]
[SourceDate "2022.05.31"]
[SourceVersion "1"]
[SourceVersionDate "2022.05.31"]
[SourceQuality "1"]

1. c4 c6 2. d4 d5 3. cxd5 cxd5 4. Nc3 Nf6 5. Bf4 a6 6. Nf3 Nc6 7. e3 Bf5 8. Bd3 Bxd3 9. Qxd3 e6 10. 0-0 Bd6 11. Bxd6 Qxd6 12. Rfc1 0-0 13. Na4 Nd7 14. Nc5 Nxc5 15. Rxc5 Rac8 16. Rac1 Ne7 17. Rxc8 Rxc8 18. Rxc8+ Nxc8 19. Qc3 Ne7 1/2-1/2

[Event "Rottach Egern Seniors Cup 10th"]
[Site "Rottach Egern"]
[Date "2022.03.31"]
[Round "6"]
[White "Doncevic, Dario"]
[Black "Wagner Michel, Annett"]
[Result "1-0"]
[WhiteElo "2215"]
[BlackElo "2098"]
[PlyCount "59"]
[EventDate "2022.03.26"]
[EventType "swiss"]
[EventRounds "9"]
[EventCountry "GER"]
[SourceTitle "CBM 207 Extra"]
[Source "ChessBase"]
[SourceDate "2022.05.31"]
[SourceVersion "1"]
[SourceVersionDate "2022.05.31"]
[SourceQuality "1"]

1. e4 c5 2. Nf3 Nc6 3. d4 cxd4 4. Nxd4 Nf6 5. Nc3 d6 6. Bc4 Bd7 7. 0-0 e6 8. Kh1 Be7 9. f4 0-0 10. f5 Qc8 11. fxe6 fxe6 12. Nf5 b5 13. Bb3 b4 14. Nb5 d5 15. exd5 exd5 16. Nbd6 Qa6 17. Bg5 Kh8 18. Bxf6 Rxf6 19. Nxe7 Rxd6 20. Nxc6 Qxc6 21. Qd4 a5 22. Rf7 Rg8 23. Rd1 Be6 24. Ra7 Qb5 25. h3 Rd7 26. c4 dxc4 27. Rxd7 Qxd7 28. Qxd7 Bxd7 29. Bxc4 Bxh3 30. Bxg8 1-0

[Event "Rottach Egern Seniors Cup 10th"]
[Site "Rottach Egern"]
[Date "2022.03.29"]
[Round "4"]
[White "Doncevic, Dario"]
[Black "Freundorfer, Josef"]
[Result "1-0"]
[WhiteElo "2215"]
[BlackElo "2115"]
[PlyCount "101"]
[EventDate "2022.03.26"]
[EventType "swiss"]
[EventRounds "9"]
[EventCountry "GER"]
[SourceTitle "CBM 207 Extra"]
[Source "ChessBase"]
[SourceDate "2022.05.31"]
[SourceVersion "1"]
[SourceVersionDate "2022.05.31"]
[SourceQuality "1"]

1. e4 e5 2. Nf3 Nc6 3. Bb5 a6 4. Ba4 Nf6 5. d4 exd4 6. 0-0 Be7 7. Re1 0-0 8. e5 Ne8 9. c3 dxc3 10. Nxc3 d6 11. exd6 Nxd6 12. Nd5 Be6 13. Bf4 Bxd5 14. Qxd5 Nb5 15. Qh5 Ncd4 16. Rad1 c5 17. Bb3 g6 18. Qh3 Bf6 19. Ne5 Bg7 20. Bc4 Nd6 21. Bd5 N6f5 22. Bxb7 Ne2+ 23. Kf1 Nxf4 24. Rxd8 Raxd8 25. Qf3 Ne6 26. Bxa6 Rd2 27. Nc4 Rd4 28. g3 Rfd8 29. b3 h5 30. h4 Bf6 31. Ne3 Nxe3+ 32. Qxe3 Ng7 33. Bc4 Nf5 34. Qf3 Kg7 35. Qc6 Rd2 36. Re8 Rxe8 37. Qxe8 Nd6 38. Qe3 Nxc4 39. bxc4 Rd4 40. Qe2 Rd8 41. a4 Rb8 42. a5 Rb1+ 43. Kg2 Ra1 44. Qd2 Ra4 45. Kf3 Kg8 46. Ke2 Kg7 47. Kd3 Bd8 48. Qb2+ Kh7 49. Qb7 Bxa5 50. Qxf7+ Kh6 51. Qf8+ 1-0

[Event "Rottach Egern Seniors Cup 9th"]
[Site "Rottach Egern"]
[Date "2021.10.22"]
[Round "1"]
[White "Hansch, Klaus Michael"]
[Black "Doncevic, Dario"]
[Result "0-1"]
[WhiteElo "1868"]
[BlackElo "2224"]
[PlyCount "60"]
[EventDate "2021.10.22"]
[EventType "swiss"]
[EventRounds "7"]
[EventCountry "GER"]
[SourceTitle "CBM 204 Extra"]
[Source "ChessBase"]
[SourceDate "2021.11.30"]
[SourceVersion "1"]
[SourceVersionDate "2021.11.30"]
[SourceQuality "1"]

1. e4 g6 2. d4 Bg7 3. Nc3 d6 4. Bg5 a6 5. Nf3 h6 6. Be3 Nd7 7. Bd3 b5 8. Ne2 Bb7 9. Qd2 e5 10. c3 Ngf6 11. Ng3 Ng4 12. 0-0 0-0 13. h3 Nxe3 14. Qxe3 Re8 15. Nh2 exd4 16. cxd4 c5 17. Ng4 Qh4 18. e5 cxd4 19. Qd2 dxe5 20. Ne4 f5 21. Nc5 fxg4 22. Nxb7 gxh3 23. Nd6 hxg2 24. Kxg2 Qg4+ 25. Kh1 e4 26. Nxe8 Rxe8 27. Qe2 Qh3+ 28. Kg1 Re5 29. Bc4+ bxc4 30. Qxc4+ Kh7 0-1

[Event "EU-ch 20th"]
[Site "Skopje"]
[Date "2019.03.24"]
[Round "6"]
[White "Efremov, Vladislav"]
[Black "Doncevic, Dario"]
[Result "1/2-1/2"]
[WhiteElo "2115"]
[BlackElo "2249"]
[PlyCount "82"]
[EventDate "2019.03.18"]
[EventType "swiss"]
[EventRounds "11"]
[EventCountry "MKD"]
[SourceTitle "CBM 189"]
[Source "ChessBase"]
[SourceDate "2019.04.29"]
[SourceVersion "1"]
[SourceVersionDate "2019.04.29"]
[SourceQuality "1"]

1. d4 Nf6 2. c4 e5 3. dxe5 Ng4 4. Bf4 Nc6 5. Nf3 Bb4+ 6. Nbd2 Qe7 7. e3 Ncxe5 8. Nxe5 Nxe5 9. Be2 d6 10. 0-0 a5 11. Nb3 a4 12. Nd4 a3 13. Qb3 axb2 14. Qxb2 Bc5 15. a3 0-0 16. Nb3 Nd7 17. Bf3 Ra4 18. Rfc1 Re8 19. h3 Ne5 20. Be2 h6 21. Nxc5 dxc5 22. Bxe5 Qxe5 23. Qxe5 Rxe5 24. Rc3 g5 25. f3 Re8 26. Kf2 Be6 27. g4 Rd8 28. Ke1 Kg7 29. Rd1 Rxd1+ 30. Kxd1 Kf8 31. f4 f6 32. Kd2 Ke7 33. Bd3 h5 34. Ke2 Kd6 35. Kf3 Bf7 36. Be2 c6 37. Rd3+ Ke7 38. Rc3 Be6 39. Bf1 Ra8 40. Bd3 Rd8 41. Ke2 Rh8 1/2-1/2

[Event "EU-ch 20th"]
[Site "Skopje"]
[Date "2019.03.21"]
[Round "4"]
[White "Piesik, Piotr"]
[Black "Doncevic, Dario"]
[Result "1-0"]
[WhiteElo "2420"]
[BlackElo "2249"]
[PlyCount "89"]
[EventDate "2019.03.18"]
[EventType "swiss"]
[EventRounds "11"]
[EventCountry "MKD"]
[SourceTitle "CBM 189"]
[Source "ChessBase"]
[SourceDate "2019.04.29"]
[SourceVersion "1"]
[SourceVersionDate "2019.04.29"]
[SourceQuality "1"]

1. c4 e5 2. g3 f5 3. Bg2 Nf6 4. Nc3 Bb4 5. Nf3 Nc6 6. 0-0 Bxc3 7. bxc3 d6 8. Rb1 0-0 9. d3 Kh8 10. Ne1 Qe8 11. f4 e4 12. Nc2 b6 13. Ne3 Bd7 14. Nd5 Rc8 15. Qc2 Qh5 16. Nxf6 Rxf6 17. dxe4 Rh6 18. h3 Na5 19. c5 Bc6 20. cxd6 cxd6 21. Rb4 Re8 22. Be3 Rhe6 23. g4 fxg4 24. f5 Re5 25. Bf4 gxh3 26. Bf3 Qh4 27. Bxe5 dxe5 28. Qd2 Nb7 29. Qe1 Qf4 30. Qc1 Qg3+ 31. Kh1 h2 32. Qe1 Qf4 33. Qf2 Nc5 34. Qxh2 g5 35. Qh5 Rg8 36. Bg2 Qe3 37. Qf3 Qd2 38. Qg3 Qd6 39. f6 Ne6 40. f7 Rf8 41. Rf6 Qd1+ 42. Kh2 Nf4 43. Qxg5 Nxe2 44. Rb1 Qxb1 45. Rf1 1-0

[Event "EU-ch 20th"]
[Site "Skopje"]
[Date "2019.03.19"]
[Round "2"]
[White "Zhigalko, Sergei"]
[Black "Doncevic, Dario"]
[Result "1-0"]
[WhiteElo "2604"]
[BlackElo "2249"]
[PlyCount "67"]
[EventDate "2019.03.18"]
[EventType "swiss"]
[EventRounds "11"]
[EventCountry "MKD"]
[SourceTitle "CBM 189"]
[Source "ChessBase"]
[SourceDate "2019.04.29"]
[SourceVersion "1"]
[SourceVersionDate "2019.04.29"]
[SourceQuality "1"]

1. e4 g6 2. d4 Bg7 3. Nc3 d6 4. Be3 a6 5. Nf3 Nf6 6. a4 0-0 7. h3 b6 8. Bc4 e6 9. 0-0 Bb7 10. d5 e5 11. Re1 Nbd7 12. b4 h6 13. a5 b5 14. Bb3 Kh7 15. Rc1 Qe7 16. Nd2 Rac8 17. Qe2 Nb8 18. Na2 c6 19. dxc6 Bxc6 20. f3 Qb7 21. c4 Rfd8 22. Bb6 Rd7 23. Nc3 bxc4 24. Nxc4 Nh5 25. Ne3 Nf4 26. Qd2 h5 27. Rcd1 Bh6 28. Qf2 Kg7 29. Nc4 d5 30. Nxe5 dxe4 31. Nxd7 Nxd7 32. Nxe4 Bxe4 33. Bd4+ Kg8 34. Rxe4 1-0

[Event "EU-ch 20th"]
[Site "Skopje"]
[Date "2019.03.18"]
[Round "1"]
[White "Doncevic, Dario"]
[Black "Buhmann, Rainer"]
[Result "0-1"]
[WhiteElo "2249"]
[BlackElo "2568"]
[PlyCount "78"]
[EventDate "2019.03.18"]
[EventType "swiss"]
[EventRounds "11"]
[EventCountry "MKD"]
[SourceTitle "CBM 189"]
[Source "ChessBase"]
[SourceDate "2019.04.29"]
[SourceVersion "1"]
[SourceVersionDate "2019.04.29"]
[SourceQuality "1"]

1. e4 e5 2. Nf3 Nc6 3. d4 exd4 4. Nxd4 Bc5 5. Nb3 Bb6 6. Nc3 Nge7 7. g3 d6 8. Bg2 Be6 9. Nd5 Ne5 10. Nxb6 axb6 11. Nd4 Bg4 12. f3 Bd7 13. f4 N5c6 14. b3 0-0 15. 0-0 Re8 16. Bb2 Qc8 17. Re1 Ng6 18. Qd2 Re7 19. a4 Nxd4 20. Qxd4 f6 21. Re3 Bc6 22. h4 Qg4 23. Rf1 Rae8 24. Kh2 Qh5 25. Bf3 Qc5 26. Qxc5 bxc5 27. h5 Nf8 28. Rfe1 h6 29. Kg2 c4 30. e5 fxe5 31. Bxc6 bxc6 32. fxe5 cxb3 33. cxb3 Nd7 34. g4 dxe5 35. Rc3 Re6 36. Rc4 Nf6 37. Rc5 e4 38. Kg3 Nd5 39. Re2 Rb8 0-1

[Event "BL2-West 1819"]
[Site "Germany"]
[Date "2018.12.16"]
[Round "4.4"]
[White "Lenaerts, Lennert"]
[Black "Doncevic, Dario"]
[Result "1-0"]
[WhiteElo "2364"]
[BlackElo "2263"]
[PlyCount "89"]
[EventDate "2018.11.21"]
[EventType "team-tourn"]
[EventRounds "9"]
[EventCountry "GER"]
[SourceTitle "CBM 190 Extra"]
[Source "ChessBase"]
[SourceDate "2019.07.15"]
[SourceVersion "1"]
[SourceVersionDate "2019.07.15"]
[SourceQuality "1"]
[WhiteTeam "Aachen DJK II"]
[BlackTeam "Koblenz"]
[WhiteTeamCountry "GER"]
[BlackTeamCountry "GER"]

1. d4 Nf6 2. c4 g6 3. f3 Bg7 4. e4 d6 5. Nc3 0-0 6. Be3 Nc6 7. Nge2 a6 8. Qd2 Bd7 9. Rc1 e5 10. d5 Ne7 11. g3 Ne8 12. Nd1 f5 13. Nf2 fxe4 14. fxe4 Nf6 15. h3 b6 16. Bg2 a5 17. b3 Rf7 18. 0-0 Qf8 19. a3 h5 20. b4 axb4 21. axb4 Kh7 22. Ra1 Neg8 23. Nc3 Bh6 24. Nd3 Bxe3+ 25. Qxe3 Nh6 26. c5 bxc5 27. bxc5 Rxa1 28. Rxa1 Qc8 29. Nf2 Qb8 30. c6 Bc8 31. Qa7 Qb4 32. Qe3 Kg7 33. Ra8 Rf8 34. Bf1 Qb3 35. Ncd1 Qb1 36. Qa7 Nxe4 37. Qxc7+ Nf7 38. Bd3 Qb3 39. Rxc8 Rxc8 40. Qxc8 Nc5 41. c7 Qxd5 42. Qe8 Nxd3 43. c8Q Ne1 44. Qg8+ Kf6 45. Qcd8+ 1-0

[Event "BL2-West 1819"]
[Site "Germany"]
[Date "2018.11.11"]
[Round "2.5"]
[White "Doncevic, Dario"]
[Black "Michalczak, Thomas"]
[Result "1-0"]
[WhiteElo "2259"]
[BlackElo "2163"]
[PlyCount "77"]
[EventDate "2018.11.21"]
[EventType "team-tourn"]
[EventRounds "9"]
[EventCountry "GER"]
[SourceTitle "CBM 190 Extra"]
[Source "ChessBase"]
[SourceDate "2019.07.15"]
[SourceVersion "1"]
[SourceVersionDate "2019.07.15"]
[SourceQuality "1"]
[WhiteTeam "Koblenz"]
[BlackTeam "Solingen II"]
[WhiteTeamCountry "GER"]
[BlackTeamCountry "GER"]

1. Nf3 Nf6 2. g3 g6 3. Bg2 Bg7 4. d4 d5 5. 0-0 0-0 6. Nbd2 c5 7. dxc5 Na6 8. Nb3 Ne4 9. Ng5 Bf5 10. c3 Rc8 11. Nxe4 Bxe4 12. Bxe4 dxe4 13. Be3 e5 14. Qxd8 Rfxd8 15. Rfd1 Bf8 16. Bg5 Rxd1+ 17. Rxd1 Kg7 18. Be3 Rc7 19. Rd8 Nxc5 20. Rxf8 Nxb3 21. Re8 Na5 22. Rxe5 Nc4 23. Rxe4 f5 24. Bd4+ Kf7 25. Rh4 h5 26. b3 Nd2 27. c4 a6 28. f3 b5 29. Bc3 Nb1 30. Ba5 Rd7 31. Kf2 Na3 32. c5 Rd1 33. c6 Ke6 34. c7 Kd7 35. Rf4 Nc2 36. g4 Rd5 37. gxf5 gxf5 38. e4 fxe4 39. Rf7+ 1-0

[Event "BL2-West 1718"]
[Site "Germany"]
[Date "2017.10.08"]
[Round "1.6"]
[White "Doncevic, Dario"]
[Black "Lenaerts, Lennert"]
[Result "1/2-1/2"]
[WhiteElo "2265"]
[BlackElo "2302"]
[PlyCount "86"]
[EventDate "2017.10.08"]
[EventType "team-tourn"]
[EventRounds "9"]
[EventCountry "GER"]
[SourceTitle "CBM 183 Extra"]
[Source "ChessBase"]
[SourceDate "2018.04.19"]
[SourceVersion "1"]
[SourceVersionDate "2018.04.19"]
[SourceQuality "1"]
[WhiteTeam "Koblenz"]
[BlackTeam "Aachen DJK"]
[WhiteTeamCountry "GER"]
[BlackTeamCountry "GER"]

1. c4 e5 2. Nc3 Bb4 3. Nd5 Bc5 4. e3 c6 5. d4 cxd5 6. dxc5 Nf6 7. cxd5 Qa5+ 8. Bd2 Qc7 9. d6 Qc6 10. Nf3 0-0 11. Rc1 e4 12. Ne5 Qd5 13. Bc3 Qxc5 14. Ng4 Nxg4 15. Qxg4 f6 16. Qxe4 Nc6 17. Qc4+ Qxc4 18. Bxc4+ Kh8 19. f4 b6 20. Kf2 Bb7 21. Rhd1 Rac8 22. Bb3 Rfe8 23. g4 b5 24. a3 a5 25. Bf7 Rf8 26. Bd5 b4 27. axb4 axb4 28. Bxc6 Bxc6 29. Bxb4 Kg8 30. Ra1 f5 31. gxf5 Rxf5 32. Ra5 Rxa5 33. Bxa5 Rb8 34. Bc3 g6 35. h4 Rb5 36. Rd4 Kf7 37. e4 Ke6 38. Ke3 Rh5 39. Be1 Rc5 40. Bc3 Rh5 41. Be1 Rc5 42. Kd2 Ra5 43. Ke3 Rc5 1/2-1/2

[Event "Pula op 31st"]
[Site "Pula"]
[Date "2017.09.12"]
[Round "4"]
[White "Stock, Andreas"]
[Black "Doncevic, Dario"]
[Result "1/2-1/2"]
[WhiteElo "2033"]
[BlackElo "2290"]
[PlyCount "71"]
[EventDate "2017.09.09"]
[EventType "swiss"]
[EventRounds "9"]
[EventCountry "CRO"]
[SourceTitle "CBM 180 Extra"]
[Source "ChessBase"]
[SourceDate "2017.10.06"]
[SourceVersion "1"]
[SourceVersionDate "2017.10.06"]
[SourceQuality "1"]

1. c4 e5 2. Nc3 Bb4 3. g3 Nf6 4. Bg2 0-0 5. d3 c6 6. Bd2 d5 7. a3 Bxc3 8. Bxc3 d4 9. Bd2 Re8 10. Nf3 h6 11. 0-0 Bf5 12. b4 Qd7 13. a4 Bh3 14. Re1 Bxg2 15. Kxg2 Na6 16. Rb1 e4 17. dxe4 Rxe4 18. Rb3 Qe6 19. e3 dxe3 20. Bxe3 Re8 21. Nd2 Re5 22. h3 Qe7 23. Nf3 Re4 24. Nd2 Re6 25. Qb1 b6 26. a5 b5 27. Rc1 Qb7 28. Qf5 Ne4 29. Nxe4 Rxe4 30. cxb5 cxb5 31. Qf3 R8e6 32. Kg1 Qe7 33. Rc8+ Kh7 34. Qf5+ g6 35. Qxb5 Nxb4 36. Qc5 1/2-1/2

[Event "Pula op 31st"]
[Site "Pula"]
[Date "2017.09.10"]
[Round "2"]
[White "Grguric, Dragan"]
[Black "Doncevic, Dario"]
[Result "1-0"]
[WhiteElo "1999"]
[BlackElo "2290"]
[PlyCount "106"]
[EventDate "2017.09.09"]
[EventType "swiss"]
[EventRounds "9"]
[EventCountry "CRO"]
[SourceTitle "CBM 180 Extra"]
[Source "ChessBase"]
[SourceDate "2017.10.06"]
[SourceVersion "1"]
[SourceVersionDate "2017.10.06"]
[SourceQuality "1"]

1. e4 c5 2. Nf3 Nc6 3. d4 cxd4 4. Nxd4 Nf6 5. Nc3 d6 6. Be3 e5 7. Nb3 Be7 8. f3 0-0 9. Qd2 a5 10. Bb5 Be6 11. 0-0-0 Na7 12. Bxa7 Rxa7 13. Kb1 Qb6 14. a4 Rd8 15. Nd5 Nxd5 16. exd5 Bd7 17. c4 Bc8 18. g4 Ra8 19. h4 Bf8 20. h5 Be7 21. Ka2 h6 22. Rhe1 Bg5 23. Qc2 Bd7 24. c5 Rac8 25. Bxd7 Rxd7 26. Qf5 Qd8 27. Nxa5 Rxc5 28. Nb3 Rc4 29. Re4 Rdc7 30. Rxc4 Rxc4 31. a5 Qe8 32. Qd3 Qa4+ 33. Kb1 Qb4 34. Rf1 Bf4 35. Rd1 Bg5 36. Rg1 Qb5 37. Rd1 Qb4 38. Rf1 Kf8 39. Rd1 Bf4 40. Rf1 Kg8 41. Rd1 e4 42. fxe4 Rxe4 43. Qc2 Rc4 44. Qd3 Be5 45. Rg1 Rxg4 46. Rc1 g6 47. hxg6 Rxg6 48. Rc4 Qe1+ 49. Ka2 Rg2 50. Rc2 Rxc2 51. Qxc2 Qb4 52. Qc8+ Kg7 53. Qh3 h5 1-0

[Event "Oberliga Sued W 1617"]
[Site "Germany"]
[Date "2017.02.19"]
[Round "7.3"]
[White "Telke, Holger"]
[Black "Doncevic, Dario"]
[Result "0-1"]
[WhiteElo "2120"]
[BlackElo "2288"]
[PlyCount "118"]
[EventDate "2016.09.25"]
[EventType "team-tourn"]
[EventRounds "9"]
[EventCountry "GER"]
[SourceTitle "EXT 2018"]
[Source "ChessBase"]
[SourceDate "2017.10.13"]
[SourceVersion "1"]
[SourceVersionDate "2017.10.13"]
[SourceQuality "1"]
[WhiteTeam "Altenkirchen"]
[BlackTeam "Koblenz"]
[WhiteTeamCountry "GER"]
[BlackTeamCountry "GER"]

1. d4 Nf6 2. g3 d5 3. c4 dxc4 4. Bg2 e5 5. Qa4+ Qd7 6. Qxc4 Qxd4 7. Qxc7 Na6 8. Bc6+ Nd7 9. Bxd7+ Bxd7 10. Qxb7 Rb8 11. Qxa6 Bb5 12. Nf3 Qc4 13. Qxb5+ Qxb5 14. Nc3 Bb4 15. Bd2 Bxc3 16. Bxc3 f6 17. a4 Qa6 18. a5 0-0 19. Ra4 Rfd8 20. Ra1 Rd7 21. Nh4 Rbd8 22. f3 Qc4 23. Kf2 e4 24. Rhe1 Qc5+ 25. Kf1 exf3 26. exf3 Rd3 27. Rac1 Qd5 28. Kg1 g5 29. Ng2 Qxf3 30. Rf1 Rd1 31. Rcxd1 Rxd1 32. Ne1 Qe3+ 33. Kg2 Qe4+ 34. Kf2 f5 35. Rg1 h6 36. Rf1 a6 37. Rg1 Kf7 38. Rf1 Ke8 39. Rg1 Kd7 40. Rg2 Kc6 41. Kf1 Kb5 42. Rf2 Ka4 43. Rg2 f4 44. gxf4 gxf4 45. h3 h5 46. Rf2 f3 47. Rh2 Qd3+ 48. Kg1 Qe3+ 49. Kf1 Kb5 50. Rf2 Kc6 51. Rh2 Kd5 52. Rf2 Ke4 53. Bb4 Kf5 54. Bc3 Kf4 55. Bd2 Qxd2 56. Rxd2 Rxd2 57. b4 Ke3 58. b5 axb5 59. a6 Rf2+ 0-1

[Event "Pula op 29th"]
[Site "Pula"]
[Date "2015.06.19"]
[Round "8"]
[White "Rukavina, Josip"]
[Black "Doncevic, Dario"]
[Result "1-0"]
[WhiteElo "2396"]
[BlackElo "2281"]
[PlyCount "81"]
[EventDate "2015.06.13"]
[EventType "swiss"]
[EventRounds "9"]
[EventCountry "CRO"]
[SourceTitle "CBM 167 Extra"]
[Source "ChessBase"]
[SourceDate "2015.09.14"]
[SourceVersion "1"]
[SourceVersionDate "2015.09.14"]
[SourceQuality "1"]

1. Nf3 Nf6 2. c4 g6 3. b3 Bg7 4. Bb2 0-0 5. g3 d6 6. Bg2 e5 7. 0-0 Nh5 8. d4 e4 9. Ne1 f5 10. Nc3 c6 11. d5 c5 12. Nc2 Nd7 13. Qd2 Ne5 14. Rae1 a6 15. f4 exf3 16. exf3 b5 17. f4 Nf7 18. cxb5 axb5 19. b4 Qb6 20. Kh1 Bd7 21. Re7 Ra7 22. a3 Re8 23. Rxe8+ Bxe8 24. Re1 Bd7 25. Qf2 Rc7 26. Nd1 Qa7 27. Bxg7 Kxg7 28. Nc3 Nf6 29. Qd2 Qa8 30. h3 Qc8 31. Re3 h6 32. bxc5 Rxc5 33. Nd4 Nd8 34. Kh2 Kf8 35. Qb2 Kf7 36. Ndxb5 Nb7 37. a4 Qd8 38. Nd4 Na5 39. Ne6 Bxe6 40. dxe6+ Ke7 41. Nd5+ 1-0

[Event "Pula op 29th"]
[Site "Pula"]
[Date "2015.06.15"]
[Round "3"]
[White "Doncevic, Dario"]
[Black "Kersic, Matej"]
[Result "1/2-1/2"]
[WhiteElo "2281"]
[BlackElo "2152"]
[PlyCount "106"]
[EventDate "2015.06.13"]
[EventType "swiss"]
[EventRounds "9"]
[EventCountry "CRO"]
[SourceTitle "CBM 167 Extra"]
[Source "ChessBase"]
[SourceDate "2015.09.14"]
[SourceVersion "1"]
[SourceVersionDate "2015.09.14"]
[SourceQuality "1"]

1. c4 c6 2. e4 e5 3. Nf3 d6 4. d4 Nd7 5. Nc3 Ngf6 6. Be2 Be7 7. 0-0 0-0 8. Rb1 a5 9. Qc2 Qc7 10. Rd1 Re8 11. a3 Nf8 12. h3 Ne6 13. Be3 exd4 14. Nxd4 Nxd4 15. Rxd4 Nd7 16. Na4 Nc5 17. Nxc5 dxc5 18. Rd2 Be6 19. Bg4 Rad8 20. Bxe6 fxe6 21. Rbd1 b6 22. f4 Rxd2 23. Rxd2 Rd8 24. a4 Kf7 25. Kf2 g6 26. Rxd8 Qxd8 27. Kf3 Bf6 28. e5 Be7 29. g4 Qd7 30. Ke2 Bd8 31. Qe4 Be7 32. h4 Bd8 33. h5 Kg7 34. hxg6 hxg6 35. Qh1 Kg8 36. Qb1 Kf7 37. Kf3 Be7 38. Ke4 Bf8 39. Qf1 Bh6 40. Qh1 Bg7 41. Qf3 Bh6 42. Qh3 Bg7 43. f5 Qd1 44. f6 Qc2+ 45. Kf3 Qd1+ 46. Ke4 Qc2+ 47. Kf3 Qd1+ 48. Kg2 Qe2+ 49. Bf2 Qe4+ 50. Kg1 Bf8 51. b3 Kg8 52. Qg3 Bh6 53. g5 Bf8 1/2-1/2

[Event "Pula op 28th"]
[Site "Pula"]
[Date "2014.06.11"]
[Round "6"]
[White "Doncevic, Dario"]
[Black "Licardo, Renato"]
[Result "1-0"]
[WhiteElo "2294"]
[BlackElo "2186"]
[PlyCount "107"]
[EventDate "2014.06.07"]
[EventType "swiss"]
[EventRounds "9"]
[EventCountry "CRO"]
[SourceTitle "CBM 160 Extra"]
[Source "ChessBase"]
[SourceDate "2014.07.01"]
[SourceVersion "1"]
[SourceVersionDate "2014.07.01"]
[SourceQuality "1"]

1. e4 e5 2. Nf3 Nf6 3. d3 Nc6 4. Nbd2 d5 5. g3 dxe4 6. dxe4 Bg4 7. h3 Bh5 8. Bb5 Bc5 9. Qe2 0-0 10. Bxc6 bxc6 11. 0-0 Re8 12. Kg2 Qe7 13. Qc4 Rad8 14. Nb3 Bd4 15. c3 Bb6 16. Re1 Qd7 17. Nh4 Bxf2 18. Rf1 Bb6 19. Bg5 Qe6 20. Qxe6 Rxe6 21. Bxf6 gxf6 22. g4 Bg6 23. Nf5 Bxf5 24. Rxf5 Be3 25. Rf3 Bf4 26. Raf1 Red6 27. R1f2 Kf8 28. Nc5 Rd2 29. Rxd2 Rxd2+ 30. Rf2 Ke7 31. Rxd2 Bxd2 32. Kf3 Bc1 33. Nd3 Bg5 34. Nc5 Bh6 35. Ke2 Bg5 36. Kf3 Bc1 37. Nd3 Bh6 38. Nc5 Ke8 39. c4 Bf8 40. Nd3 Kd7 41. Kg3 Kd6 42. Kf3 Ke6 43. Ke3 Kd6 44. Kd2 Ke6 45. Kc3 Kd7 46. Kb3 Bh6 47. Ka4 Be3 48. Ka5 Ke6 49. Ka6 f5 50. gxf5+ Kf6 51. c5 Kg5 52. Kxa7 Kh4 53. Kb7 Kxh3 54. a4 1-0

[Event "Pula op 28th"]
[Site "Pula"]
[Date "2014.06.10"]
[Round "5"]
[White "Fodor, Tamas Jr"]
[Black "Doncevic, Dario"]
[Result "1-0"]
[WhiteElo "2462"]
[BlackElo "2294"]
[PlyCount "99"]
[EventDate "2014.06.07"]
[EventType "swiss"]
[EventRounds "9"]
[EventCountry "CRO"]
[SourceTitle "CBM 160 Extra"]
[Source "ChessBase"]
[SourceDate "2014.07.01"]
[SourceVersion "1"]
[SourceVersionDate "2014.07.01"]
[SourceQuality "1"]

1. d4 Nf6 2. c4 g6 3. Nc3 d5 4. cxd5 Nxd5 5. Bd2 Bg7 6. e4 Nb6 7. Be3 0-0 8. h3 f5 9. exf5 Bxf5 10. Qb3+ Kh8 11. Nf3 Nc6 12. Rd1 a5 13. Ne5 Qe8 14. Bb5 a4 15. Nxa4 Na5 16. Bxe8 Nxb3 17. Nxb6 cxb6 18. Bxg6 hxg6 19. axb3 Kh7 20. 0-0 b5 21. Rc1 Rfc8 22. f3 Be6 23. b4 Bc4 24. Rf2 Bb3 25. Rc5 b6 26. Rc3 Ra1+ 27. Rf1 Rxf1+ 28. Kxf1 Rxc3 29. bxc3 Bxe5 30. dxe5 Kg7 31. Bxb6 Kf7 32. h4 e6 33. Kf2 Bc4 34. Ke3 Bf1 35. g3 Bc4 36. Bd8 Bd5 37. Bf6 Kg8 38. g4 Kf7 39. f4 Bc4 40. Kd4 Be2 41. Kc5 Bd3 42. h5 gxh5 43. gxh5 Bc4 44. Kd6 Bb3 45. Kd7 Bc4 46. Bh4 Bd3 47. h6 Bc4 48. h7 Kg7 49. f5 exf5 50. e6 1-0